Financiamiento de proyectos (Registro nro. 4889)

Detalles MARC
000 -LEADER
fixed length control field 01362 a2200241 4500
001 - CONTROL NUMBER
control field 49818
005 - DATE AND TIME OF LATEST TRANSACTION
control field 20260407155759.0
008 - FIXED-LENGTH DATA ELEMENTS--GENERAL INFORMATION
fixed length control field 260407a1998 arg spa d
003 - CONTROL NUMBER IDENTIFIER
control field AR-UNSa-BCEJYS
040 ## - CATALOGING SOURCE
Original cataloging agency AR-UNSa-BCEJYS
Language of cataloging spa
Transcribing agency AR-UNSa-BCEJYS
080 ## - UNIVERSAL DECIMAL CLASSIFICATION NUMBER
Universal Decimal Classification number 658.16
Common auxiliary subdivision Reorganización financiera (Proyectos de inversión)
020 ## - INTERNATIONAL STANDARD BOOK NUMBER
International Standard Book Number 970-17-0060-0
041 ## - LANGUAGE CODE
Language code of text/sound track or separate title spa
100 1# - MAIN ENTRY--PERSONAL NAME
Personal name Finnerty, John D.
245 10 - TITLE STATEMENT
Title Financiamiento de proyectos
Name of part/section of a work técnicas modernas de ingeniería económica
264 #1 - PRODUCTION, PUBLICATION, DISTRIBUTION, MANUFACTURE, AND COPYRIGHT NOTICE
Place of production, publication, distribution, manufacture México :
Name of producer, publisher, distributor, manufacturer Prentice-Hall Hispanoamericana
Date of production, publication, distribution, manufacture, or copyright notice 1998
300 ## - PHYSICAL DESCRIPTION
Extent xvi, 382 p.
Dimensions 23 cm.
505 ## - FORMATTED CONTENTS NOTE
Formatted contents note 1. Introducción - 2. Justificación del financiamiento de proyectos - 3. Análisis de la viabilidad de proyectos - 4. Acuerdos de seguridad - 5. Estructura legal - 6. Preparación del plan de financiamiento - 7. Análisis del flujo de efectivo descontado - 8. Modelo financiero y evaluación de proyectos - 9. Fuentes de fondos - 10. Cuestiones a considerar por el gobierno anfitrión - 11. El proyecto de cogeneración de Indiantown - 12. El proyecto de carreteras de cuota Tribasa - 13. Proyecto de Euro Disneyland - 14. Proyecto Eurotúnel.
590 ## - LOCAL NOTE (RLIN)
Local note niveau_biblio:m niveau_hierar:0
700 1# - ADDED ENTRY--PERSONAL NAME
Personal name Navarro Salas, Rodolfo
856 41 - ELECTRONIC LOCATION AND ACCESS
Uniform Resource Identifier <a href="https://www.biblioeco.unsa.edu.ar/pmb/images/libros/L128193.jpg">https://www.biblioeco.unsa.edu.ar/pmb/images/libros/L128193.jpg</a>
Link text Imagen de portada
Electronic format type image/jpeg
942 ## - ADDED ENTRY ELEMENTS (KOHA)
Koha item type
Existencias
Withdrawn status Lost status Damaged status Not for loan Home library Current library Shelving location Date acquired Total checkouts Full call number Barcode Date last seen Price effective from Koha item type
        Biblioteca Prof. Eusebio Cleto del Rey Biblioteca Prof. Eusebio Cleto del Rey   07/04/2026   658.16 F514 L128193 07/04/2026 07/04/2026 Libro